[Event "World Blitz Final"]
[Site "Astana KAZ"]
[Date "2012.07.10"]
[Round "16"]
[White "Morozevich, A."]
[Black "Le Quang Liem"]
[Result "1-0"]
[WhiteElo "2770"]
[BlackElo "2693"]
[PlyCount "91"]
[EventDate "2012.07.01"]

1. d4 Nf6 2. c4 g6 3. Nc3 d5 4. cxd5 Nxd5 5. e4 Nxc3 6. bxc3 Bg7 7. Bc4 c5 8.
Ne2 Nc6 9. Be3 O-O 10. Rc1 b6 11. h4 Na5 12. Bd3 h5 13. Qd2 e5 14. Bg5 Qc7 15.
Bh6 Rd8 16. Bxg7 Kxg7 17. d5 c4 18. Bc2 Nb7 19. O-O Nc5 20. f4 Bg4 21. Ng3 exf4
22. Rxf4 Qe5 23. Rcf1 Rd7 24. Qd4 Re8 25. Qxc4 Rc7 26. Qd4 Nb7 27. Ba4 Qxd4+
28. cxd4 Rd8 29. Bb3 Na5 30. d6 Rxd6 31. Rxf7+ Rxf7 32. Rxf7+ Kh6 33. d5 Nxb3
34. axb3 a5 35. Kf2 Bd1 36. Ne2 Bxb3 37. Nd4 Bxd5 38. exd5 Rxd5 39. Nf3 a4 40.
Ke3 Rf5 41. Rb7 g5 42. hxg5+ Kg6 43. Rxb6+ Kg7 44. Ra6 Rb5 45. Rxa4 Rb2 46. g3
1-0

[Event "World Blitz Final"]
[Site "Astana KAZ"]
[Date "2012.07.10"]
[Round "16"]
[White "Topalov, V."]
[Black "Grischuk, A."]
[Result "1/2-1/2"]
[WhiteElo "2752"]
[BlackElo "2763"]
[PlyCount "72"]
[EventDate "2012.07.01"]

1. e4 e5 2. Nf3 Nc6 3. Bb5 a6 4. Ba4 Nf6 5. O-O Be7 6. Re1 b5 7. Bb3 O-O 8. h3
Bb7 9. d3 d5 10. exd5 Nxd5 11. Nc3 Nxc3 12. bxc3 Bf6 13. Nd2 Na5 14. Ne4 Bxe4
15. dxe4 c6 16. Be3 Qc7 17. a4 Rfd8 18. Qe2 h6 19. g3 Bg5 20. Bxg5 hxg5 21. Qe3
Qe7 22. Kg2 g6 23. Red1 Rxd1 24. Rxd1 Rd8 25. Rxd8+ Qxd8 26. Qc5 Qc7 27. axb5
axb5 28. Ba2 Kg7 29. c4 Nxc4 30. Bxc4 bxc4 31. Qxc4 Qd6 32. Qd3 Qb4 33. c3 Qc5
34. Kf3 Qe7 35. Kg2 Qc5 36. Kf3 Qe7 1/2-1/2

[Event "World Blitz Final"]
[Site "Astana KAZ"]
[Date "2012.07.10"]
[Round "16"]
[White "Chadaev, N."]
[Black "Radjabov, T."]
[Result "0-1"]
[WhiteElo "2580"]
[BlackElo "2788"]
[PlyCount "92"]
[EventDate "2012.07.01"]

1. e4 c5 2. Nf3 Nc6 3. Bb5 g6 4. Bxc6 dxc6 5. h3 Bg7 6. d3 b6 7. Nc3 e5 8. O-O
Ne7 9. a3 a5 10. Be3 Qc7 11. Na4 Ra6 12. Qd2 O-O 13. Bh6 f6 14. Nc3 Be6 15. b3
Raa8 16. Nh2 g5 17. Bxg7 Kxg7 18. a4 Ng6 19. Ne2 Qd7 20. Qe3 Kh8 21. Kh1 Rg8
22. Rg1 Raf8 23. Raf1 Nf4 24. Ng3 h5 25. Ne2 Rg7 26. h4 Qf7 27. f3 Rfg8 28.
hxg5 fxg5 29. Nxf4 gxf4 30. Qf2 Rg3 31. Rd1 h4 32. Qe2 Qh5 33. Qf2 R8g7 34. c3
Kh7 35. d4 cxd4 36. cxd4 Bxb3 37. Rb1 Bxa4 38. dxe5 Qxe5 39. Ng4 Qe6 40. e5 Bb3
41. Nf6+ Kh6 42. Ng4+ R7xg4 43. fxg4 Qxg4 44. Rbf1 Rh3+ 45. gxh3 Qxh3+ 46. Qh2
Bd5+ 0-1

[Event "World Blitz Final"]
[Site "Astana KAZ"]
[Date "2012.07.10"]
[Round "16"]
[White "Bologan, V."]
[Black "Kotsur, P."]
[Result "0-1"]
[WhiteElo "2732"]
[BlackElo "2548"]
[PlyCount "72"]
[EventDate "2012.07.01"]

1. e4 e6 2. d3 d5 3. Qe2 Nf6 4. Nf3 b5 5. Bg5 Be7 6. e5 Nfd7 7. Bxe7 Qxe7 8. d4
b4 9. a3 Ba6 10. Qd2 Bxf1 11. Kxf1 bxa3 12. Nxa3 c6 13. g3 O-O 14. Kg2 a5 15.
c4 a4 16. cxd5 cxd5 17. Rhc1 Nb6 18. Rc3 Na6 19. Rac1 h6 20. Qe2 Qb4 21. h4
Rfb8 22. g4 Nd7 23. Rc6 Qa5 24. g5 hxg5 25. hxg5 Nf8 26. Nh4 Qd8 27. f4 Rb6 28.
Rxb6 Qxb6 29. Nb5 Rb8 30. Nd6 Qxb2 31. Rc2 Qxd4 32. Qxa6 Qxf4 33. Nf3 Rb3 34.
Qe2 Ng6 35. Rc8+ Kh7 36. Qd1 Rxf3 0-1

[Event "World Blitz Final"]
[Site "Astana KAZ"]
[Date "2012.07.10"]
[Round "16"]
[White "Svidler, P."]
[Black "Karjakin, Sergey"]
[Result "0-1"]
[WhiteElo "2749"]
[BlackElo "2779"]
[PlyCount "62"]
[EventDate "2012.07.01"]

1. e4 e5 2. Nf3 Nc6 3. Bb5 a6 4. Ba4 Nf6 5. O-O Be7 6. d3 b5 7. Bb3 O-O 8. a4
b4 9. Nbd2 d6 10. a5 Rb8 11. Nc4 h6 12. h3 Be6 13. c3 Qc8 14. d4 exd4 15. cxd4
d5 16. exd5 Nxd5 17. Re1 Rd8 18. Bd2 Bf6 19. Nce5 Bxe5 20. dxe5 Nde7 21. Re4
Rb5 22. Bxe6 Qxe6 23. Qc2 Rdd5 24. Be1 Rdc5 25. Qe2 b3 26. Qd3 Rc2 27. Re2 Qf5
28. Qxf5 Nxf5 29. Rxc2 bxc2 30. Bc3 Rd5 31. Nd2 Nfd4 0-1

[Event "World Blitz Final"]
[Site "Astana KAZ"]
[Date "2012.07.10"]
[Round "16"]
[White "Carlsen, M."]
[Black "Andreikin, D."]
[Result "1/2-1/2"]
[WhiteElo "2837"]
[BlackElo "2700"]
[PlyCount "107"]
[EventDate "2012.07.01"]

1. d4 Nf6 2. c4 c5 3. d5 b5 4. cxb5 a6 5. bxa6 g6 6. Nc3 Bxa6 7. e4 Bxf1 8.
Kxf1 d6 9. g3 Bg7 10. Kg2 O-O 11. Nf3 Nbd7 12. Qe2 Qa5 13. e5 dxe5 14. Nxe5
Nxe5 15. Qxe5 Ra7 16. Rd1 Rd8 17. Qe2 Rad7 18. Qf3 c4 19. Be3 Nxd5 20. Nxd5
Rxd5 21. Rxd5 Qxd5 22. Qxd5 Rxd5 23. Rc1 Bxb2 24. Rxc4 Ba3 25. Rc3 Ra5 26. Kf3
Bd6 27. Rc2 f5 28. Bd2 Ra4 29. h4 Kf7 30. Bg5 e5 31. Kg2 Ke6 32. Rb2 Ra6 33.
Be3 f4 34. gxf4 exf4 35. Bd4 Ra4 36. Bc3 f3+ 37. Kxf3 Ra3 38. Rb3 Rxa2 39. Bb4
Be5 40. Bc5 Rc2 41. Be3 Rc4 42. Bg5 Rc3+ 43. Rxc3 Bxc3 44. Ke4 h5 45. Bf4 Bf6
46. Bg3 Be7 47. Kf3 Kf5 48. Kg2 Ke4 49. f3+ Ke3 50. Bf2+ Ke2 51. Bg3 Bf6 52.
Bf2 Be5 53. Bg1 Bf4 54. Bf2 1/2-1/2

[Event "World Blitz Final"]
[Site "Astana KAZ"]
[Date "2012.07.10"]
[Round "16"]
[White "Mamedyarov, S."]
[Black "Jumabayev, R."]
[Result "1-0"]
[WhiteElo "2726"]
[BlackElo "2525"]
[PlyCount "79"]
[EventDate "2012.07.01"]

1. Nf3 Nf6 2. c4 c6 3. Nc3 d5 4. e3 e6 5. d4 Nbd7 6. Qc2 Bd6 7. g4 h6 8. Rg1 e5
9. cxd5 cxd5 10. Nb5 Bb4+ 11. Ke2 e4 12. Nc7+ Ke7 13. Nxd5+ Kf8 14. Nxb4 exf3+
15. Kxf3 Qe7 16. Bd2 b6 17. Nc6 Bb7 18. Ba6 Nc5 19. Bxb7 Qxb7 20. dxc5 Qxc6+
21. Ke2 bxc5 22. Rac1 Rc8 23. Qxc5+ Qxc5 24. Rxc5 Rxc5 25. Bb4 Nd7 26. Bxc5+
Nxc5 27. Rc1 Ke7 28. Rxc5 Rb8 29. b3 Kd6 30. Ra5 Rb7 31. f4 f6 32. h4 Rc7 33.
Kd3 Ke6 34. b4 g6 35. Ra6+ Kf7 36. b5 h5 37. gxh5 gxh5 38. f5 Ke7 39. a4 Rd7+
40. Kc4 1-0

[Event "World Blitz Final"]
[Site "Astana KAZ"]
[Date "2012.07.10"]
[Round "17"]
[White "Jumabayev, R."]
[Black "Carlsen, M."]
[Result "0-1"]
[WhiteElo "2525"]
[BlackElo "2837"]
[PlyCount "54"]
[EventDate "2012.07.01"]

1. d4 Nf6 2. c4 e6 3. Nf3 b6 4. g3 Ba6 5. b3 Bb7 6. Bg2 Bb4+ 7. Bd2 c5 8. O-O
O-O 9. Bf4 cxd4 10. Qxd4 Nc6 11. Qd3 d5 12. a3 Be7 13. Nc3 dxc4 14. bxc4 Na5
15. Ne5 Bxg2 16. Kxg2 Qc8 17. Ra2 Qb7+ 18. Qf3 Qxf3+ 19. Kxf3 Rfc8 20. Nb5 a6
21. Nd4 Ne8 22. Rb1 f6 23. Nd7 Nxc4 24. Nxe6 b5 25. a4 b4 26. Rc2 Ne5+ 27. Nxe5
Rxc2 0-1

[Event "World Blitz Final"]
[Site "Astana KAZ"]
[Date "2012.07.10"]
[Round "17"]
[White "Andreikin, D."]
[Black "Ivanchuk, V."]
[Result "1-0"]
[WhiteElo "2700"]
[BlackElo "2769"]
[PlyCount "105"]
[EventDate "2012.07.01"]

1. c4 e5 2. Nc3 Nc6 3. g3 Nf6 4. Bg2 Bb4 5. d3 O-O 6. Bd2 a5 7. Nf3 d6 8. O-O
h6 9. a3 Bc5 10. Rc1 Be6 11. Nh4 Nd4 12. e3 Nf5 13. Nf3 c6 14. Qe2 Qc7 15. Ne4
Nxe4 16. dxe4 Ne7 17. Bc3 a4 18. Nh4 Qb6 19. Rfd1 Qb3 20. Bf1 f6 21. Qh5 Rad8
22. Nf5 Nxf5 23. exf5 Bf7 24. Qg4 Kh8 25. Rd2 Qb6 26. Rcd1 Rd7 27. Qe4 Rfd8 28.
Qc2 Qa7 29. Bb4 Bh5 30. Ra1 Bb6 31. Bg2 Bf7 32. Rad1 Bc7 33. Bf3 Qa6 34. Be2
Qa7 35. Bf3 Qa6 36. Be2 Qa7 37. Bf3 Qa6 38. Be2 Qa7 39. Bf3 c5 40. Bc3 Bxc4 41.
Bd5 Qa6 42. Qe4 Bxd5 43. Rxd5 b5 44. f4 exf4 45. Qxf4 Qc6 46. Bxf6 gxf6 47.
Qxh6+ Kg8 48. Qxf6 c4 49. Qe6+ Kf8 50. Qh6+ Kg8 51. R1d4 Rg7 52. f6 Rh7 53. f7+
1-0

[Event "World Blitz Final"]
[Site "Astana KAZ"]
[Date "2012.07.10"]
[Round "17"]
[White "Gelfand, B."]
[Black "Svidler, P."]
[Result "1/2-1/2"]
[WhiteElo "2738"]
[BlackElo "2749"]
[PlyCount "86"]
[EventDate "2012.07.01"]

1. Nf3 g6 2. e4 d6 3. c4 e5 4. d4 exd4 5. Nxd4 Bg7 6. Nc3 Ne7 7. Bg5 Nbc6 8.
Nxc6 bxc6 9. Qd2 h6 10. Be3 c5 11. Bd3 Nc6 12. O-O O-O 13. Bxh6 Be6 14. b3 Qh4
15. Bxg7 Kxg7 16. f4 Rh8 17. g3 Qh6 18. Nd5 Bxd5 19. cxd5 Nd4 20. h4 a5 21. Qf2
f6 22. Rad1 Qh5 23. Rd2 Qg4 24. Qg2 Raf8 25. Be2 Qd7 26. Bd1 g5 27. fxg5 fxg5
28. Rdf2 Qe7 29. h5 c6 30. dxc6 Nxc6 31. Rxf8 Rxf8 32. Rxf8 Qxf8 33. Qf2 Qe7
34. Qf5 Ne5 35. Be2 Kh6 36. g4 Kg7 37. Kg2 Kh6 38. Bc4 Kg7 39. Kh3 Qd8 40. Qe6
Qf8 41. Qf5 Qd8 42. Bd5 Qe7 43. Kg3 Qd8 1/2-1/2

[Event "World Blitz Final"]
[Site "Astana KAZ"]
[Date "2012.07.10"]
[Round "17"]
[White "Karjakin, Sergey"]
[Black "Bologan, V."]
[Result "1/2-1/2"]
[WhiteElo "2779"]
[BlackElo "2732"]
[PlyCount "147"]
[EventDate "2012.07.01"]

1. e4 c5 2. Nf3 e6 3. d4 cxd4 4. Nxd4 a6 5. Bd3 g6 6. O-O Bg7 7. Nb3 Ne7 8. c4
Nbc6 9. Nc3 O-O 10. Be2 Qc7 11. Be3 b6 12. Qd2 f5 13. f3 Ne5 14. Rac1 Bb7 15.
Rfd1 Rad8 16. Qd6 Qxd6 17. Rxd6 Nc8 18. Rd2 fxe4 19. Nxe4 Bxe4 20. fxe4 d6 21.
Nd4 Rfe8 22. Rcd1 Bf6 23. Rf1 Kg7 24. b3 Rd7 25. Bd1 Rf7 26. Rdf2 Bd8 27. Rxf7+
Nxf7 28. Bg4 e5 29. Bd7 exd4 30. Bxd4+ Re5 31. Bxc8 Bf6 32. Bxe5 Nxe5 33. Bxa6
Nd3 34. g3 Nb4 35. Bb7 Nxa2 36. Bd5 Nb4 37. Kg2 Nc2 38. Kh3 h5 39. Rf2 Ne3 40.
Rf3 Nc2 41. g4 h4 42. g5 Bxg5 43. Rf7+ Kh6 44. Rb7 Be3 45. Kxh4 Nb4 46. Bg8 g5+
47. Kg4 Kg6 48. Re7 Nd3 49. Rb7 Kf6 50. Bd5 Ne5+ 51. Kh5 g4 52. Kh4 Bf2+ 53.
Kh5 Bg1 54. b4 Bxh2 55. Rxb6 g3 56. Rxd6+ Kg7 57. Be6 g2 58. Rd1 g1=Q 59. Rxg1+
Bxg1 60. c5 Nd3 61. Bd5 Nxb4 62. c6 Bb6 63. Kg5 Bc7 64. Kf5 Kf8 65. Ke6 Ke8 66.
Bc4 Nc2 67. Ba6 Nd4+ 68. Kd5 Nf3 69. Bc8 Ke7 70. Bd7 Ne5 71. Kc5 Nf7 72. Kd5
Kf6 73. Kd4 Ne5 74. Kd5 1/2-1/2

[Event "World Blitz Final"]
[Site "Astana KAZ"]
[Date "2012.07.10"]
[Round "17"]
[White "Kotsur, P."]
[Black "Chadaev, N."]
[Result "1/2-1/2"]
[WhiteElo "2548"]
[BlackElo "2580"]
[PlyCount "115"]
[EventDate "2012.07.01"]

1. e4 g6 2. d4 Bg7 3. Nc3 d6 4. f4 Nf6 5. Nf3 c5 6. d5 O-O 7. Bd3 Bg4 8. h3
Bxf3 9. Qxf3 Na6 10. a3 Nc7 11. O-O Rb8 12. a4 b6 13. Nb5 Rb7 14. c3 Qc8 15.
Bd2 Nd7 16. Kh1 a6 17. Nxc7 Rxc7 18. Bc4 Ra7 19. Qe2 Qb7 20. Be1 Rb8 21. Bg3
Nf6 22. Bh2 b5 23. axb5 axb5 24. Rxa7 Qxa7 25. Bd3 c4 26. Bc2 Qa2 27. Bb1 Qb3
28. Qf3 Qxb2 29. e5 Nd7 30. exd6 exd6 31. f5 Ne5 32. Bxe5 Bxe5 33. fxg6 fxg6
34. Qf7+ Kh8 35. Bxg6 hxg6 36. Qxg6 Qd2 37. Qh5+ Kg8 38. Qg6+ Bg7 39. Qxd6 Rf8
40. Rxf8+ Bxf8 41. Qg6+ Bg7 42. Qe6+ Kh7 43. Qf5+ Kh6 44. Qe6+ Kh7 45. Qf5+ Kg8
46. Qc8+ Bf8 47. Qg4+ Kf7 48. Qe6+ Kg7 49. Qe5+ Kg6 50. Qe6+ Kg7 51. Qe5+ Kh7
52. Qf5+ Kg8 53. Qe6+ Kh8 54. Qe5+ Bg7 55. Qe8+ Kh7 56. Qe4+ Kh6 57. Qe6+ Kh7
58. Qe4+ 1/2-1/2

[Event "World Blitz Final"]
[Site "Astana KAZ"]
[Date "2012.07.10"]
[Round "17"]
[White "Radjabov, T."]
[Black "Topalov, V."]
[Result "1/2-1/2"]
[WhiteElo "2788"]
[BlackElo "2752"]
[PlyCount "112"]
[EventDate "2012.07.01"]

1. Nf3 c5 2. c4 g6 3. Nc3 Bg7 4. g3 Nc6 5. Bg2 e6 6. d3 Nge7 7. h4 h6 8. a3 d5
9. Bd2 b6 10. Rb1 Bb7 11. O-O O-O 12. Re1 dxc4 13. dxc4 Nf5 14. e3 Qe7 15. Qe2
Rad8 16. Red1 Ne5 17. Nxe5 Bxe5 18. Ne4 Rd7 19. Be1 Rfd8 20. b4 Rxd1 21. Rxd1
Rxd1 22. Qxd1 Kg7 23. Qd3 Bxe4 24. Bxe4 Qd6 25. Qe2 h5 26. Kg2 Qc7 27. Qd3 Qd6
28. Qc2 Qc7 29. Qd3 Nd6 30. b5 Nxe4 31. Qxe4 Qd6 32. a4 Bf6 33. Qc2 Qd7 34. a5
Qb7+ 35. Kf1 Qf3 36. Qd3 Qg4 37. a6 Qh3+ 38. Ke2 Qg4+ 39. Kf1 Kh7 40. Kg2 Kg7
41. e4 e5 42. f3 Qe6 43. Qd5 Qxd5 44. exd5 Be7 45. g4 Bd6 46. Bc3 f6 47. Kf2
Kf7 48. Ke3 f5 49. gxh5 gxh5 50. Ke2 Ke8 51. Bd2 Kf7 52. Bg5 Ke8 53. Ke3 Kd7
54. Bf6 Ke8 55. Kd3 Kd7 56. Ke3 Ke8 1/2-1/2

[Event "World Blitz Final"]
[Site "Astana KAZ"]
[Date "2012.07.10"]
[Round "18"]
[White "Morozevich, A."]
[Black "Grischuk, A."]
[Result "0-1"]
[WhiteElo "2770"]
[BlackElo "2763"]
[PlyCount "92"]
[EventDate "2012.07.01"]

1. d4 Nf6 2. c4 g6 3. Nc3 Bg7 4. e4 d6 5. Nf3 O-O 6. Be2 e5 7. Be3 exd4 8. Nxd4
Re8 9. f3 c6 10. Bf2 d5 11. exd5 cxd5 12. c5 Nc6 13. O-O Bf8 14. Nxc6 bxc6 15.
a3 Nh5 16. Re1 Nf4 17. Bf1 Rxe1 18. Qxe1 Bd7 19. Qd2 Ne6 20. b4 Qf6 21. Rd1 h5
22. Ne2 a5 23. Nd4 axb4 24. axb4 Bg7 25. Nxe6 Qxe6 26. Bd4 Rb8 27. Bxg7 Kxg7
28. Qf4 Rb7 29. Kf2 Qf6 30. Qd4 g5 31. Be2 Ra7 32. g3 Ra2 33. Ke3 Rb2 34. Qxf6+
Kxf6 35. Rd4 Be6 36. h4 Rb3+ 37. Kf2 Ke5 38. Rd3 Rxd3 39. Bxd3 gxh4 40. gxh4
Kd4 41. Be2 Kc3 42. f4 Kxb4 43. Bxh5 Kxc5 44. f5 Bxf5 45. Bxf7 Kd6 46. h5 Ke7
0-1

[Event "World Blitz Final"]
[Site "Astana KAZ"]
[Date "2012.07.10"]
[Round "18"]
[White "Le Quang Liem"]
[Black "Radjabov, T."]
[Result "1/2-1/2"]
[WhiteElo "2693"]
[BlackElo "2788"]
[PlyCount "77"]
[EventDate "2012.07.01"]

1. d4 Nf6 2. c4 g6 3. g3 Bg7 4. Bg2 O-O 5. Nc3 d6 6. e3 Nbd7 7. Nge2 e5 8. O-O
c6 9. b4 exd4 10. exd4 Nb6 11. c5 Nbd5 12. Rb1 Bg4 13. Qd2 Re8 14. Re1 Qd7 15.
Ba3 a6 16. Nf4 Bf5 17. Ncxd5 Nxd5 18. Nxd5 cxd5 19. Rbc1 Be4 20. Bxe4 dxe4 21.
d5 Qa4 22. Qe3 a5 23. Qb3 Qxb3 24. axb3 a4 25. Rb1 f5 26. c6 b5 27. Bb2 a3 28.
Bxg7 Kxg7 29. Ra1 Ra7 30. Ra2 Kf6 31. f4 g5 32. Kf2 h6 33. Ke3 Rea8 34. Rf1 g4
35. Rh1 h5 36. h4 Ke7 37. Rc1 Kd8 38. Rd1 Kc7 39. Rc1 1/2-1/2

[Event "World Blitz Final"]
[Site "Astana KAZ"]
[Date "2012.07.10"]
[Round "18"]
[White "Topalov, V."]
[Black "Kotsur, P."]
[Result "1-0"]
[WhiteElo "2752"]
[BlackElo "2548"]
[PlyCount "69"]
[EventDate "2012.07.01"]

1. d4 c5 2. d5 d6 3. e4 g6 4. Bb5+ Bd7 5. a4 Bg7 6. Nf3 Nf6 7. Nbd2 O-O 8. O-O
Na6 9. Re1 Nc7 10. Bf1 e6 11. dxe6 Bxe6 12. c3 Re8 13. Ng5 d5 14. Nxe6 fxe6 15.
Qc2 b6 16. g3 Qd7 17. Bh3 Qf7 18. e5 Nd7 19. f4 c4 20. Nf3 Nf8 21. Be3 Na6 22.
Qf2 Qc7 23. Nd4 Nc5 24. Rf1 a6 25. Kh1 Qd7 26. Qc2 Nd3 27. Bg4 Nc5 28. h4 h5
29. Bh3 Qf7 30. Kh2 Rac8 31. Rg1 Bh6 32. Raf1 Ncd7 33. Qe2 Kh8 34. b4 Rc7 35.
Nf3 1-0

[Event "World Blitz Final"]
[Site "Astana KAZ"]
[Date "2012.07.10"]
[Round "18"]
[White "Chadaev, N."]
[Black "Karjakin, Sergey"]
[Result "1-0"]
[WhiteElo "2580"]
[BlackElo "2779"]
[PlyCount "127"]
[EventDate "2012.07.01"]

1. e4 e5 2. Nf3 Nc6 3. Nc3 Nf6 4. d4 exd4 5. Nxd4 Bb4 6. Nxc6 bxc6 7. Bd3 d5 8.
exd5 O-O 9. O-O cxd5 10. h3 c6 11. Qf3 Be7 12. Bf4 Be6 13. Rad1 Nd7 14. Ne2 Bf6
15. c3 Qb6 16. b3 c5 17. Rfe1 g6 18. Bh6 Rfe8 19. Bb1 Qa5 20. Bd2 Qd8 21. Nf4
Ne5 22. Qg3 Nc6 23. Nxe6 fxe6 24. Bh6 Bg7 25. Bg5 Qa5 26. Bd2 Qd8 27. h4 Qf6
28. h5 gxh5 29. Bg5 Qf7 30. Rd3 Rf8 31. Rf3 Qd7 32. Bh6 Rxf3 33. gxf3 e5 34.
Bf5 Qe7 35. Be6+ Kh8 36. Bxg7+ Qxg7 37. Qxg7+ Kxg7 38. Bxd5 Rc8 39. Bxc6 Rxc6
40. Rxe5 c4 41. b4 Ra6 42. Rxh5 Ra3 43. Rc5 Rxc3 44. Rc7+ Kg6 45. Rxa7 Rc1+ 46.
Kg2 c3 47. Rc7 c2 48. a4 Rb1 49. Rxc2 Rxb4 50. Ra2 Rb6 51. a5 Ra6 52. Kg3 Kf5
53. f4 h6 54. Ra4 Rg6+ 55. Kh3 Ra6 56. Kh4 Ra8 57. a6 Ra7 58. Kh5 Kf6 59. Kxh6
Kf5 60. Ra5+ Kxf4 61. Kg6 Kf3 62. Ra2 Ke4 63. Kf6 Kd5 64. f4 1-0

[Event "World Blitz Final"]
[Site "Astana KAZ"]
[Date "2012.07.10"]
[Round "18"]
[White "Svidler, P."]
[Black "Andreikin, D."]
[Result "1/2-1/2"]
[WhiteElo "2749"]
[BlackElo "2700"]
[PlyCount "48"]
[EventDate "2012.07.01"]

1. c4 c5 2. Nf3 Nc6 3. d4 cxd4 4. Nxd4 Nf6 5. g3 d6 6. Bg2 Bd7 7. Nc3 g6 8. O-O
Bg7 9. c5 dxc5 10. Nb3 O-O 11. Nxc5 Qc8 12. Nxd7 Qxd7 13. Be3 Rfd8 14. Qa4 Nd4
15. Qxd7 Rxd7 16. Rad1 Rad8 17. Bxd4 Rxd4 18. Bxb7 Rxd1 19. Rxd1 Rb8 20. Bf3
Rxb2 21. Rd8+ Bf8 22. a4 Rc2 23. Nd5 Nxd5 24. Rxd5 e6 1/2-1/2

[Event "World Blitz Final"]
[Site "Astana KAZ"]
[Date "2012.07.10"]
[Round "18"]
[White "Ivanchuk, V."]
[Black "Jumabayev, R."]
[Result "1/2-1/2"]
[WhiteElo "2769"]
[BlackElo "2525"]
[PlyCount "134"]
[EventDate "2012.07.01"]

1. c4 Nf6 2. Nc3 e6 3. Nf3 d5 4. d4 c6 5. e3 Nbd7 6. Qc2 Bd6 7. b3 O-O 8. Be2
e5 9. cxd5 cxd5 10. Nb5 Bb4+ 11. Bd2 Bxd2+ 12. Nxd2 e4 13. O-O Nb6 14. Qc5 Bd7
15. Nd6 Bc6 16. Rfc1 a6 17. Nf5 Re8 18. h3 g6 19. Ng3 h5 20. Bf1 Rc8 21. Qb4
Kg7 22. Rc2 Na8 23. Rac1 Nc7 24. Ne2 Qd7 25. Nc3 Ne6 26. Na4 Bxa4 27. Qxa4 Qxa4
28. bxa4 Rxc2 29. Rxc2 Re7 30. Nb3 Nd7 31. Na5 Nb6 32. Rb2 Nxa4 33. Rxb7 Rxb7
34. Nxb7 Nc3 35. a3 Nc7 36. Nc5 a5 37. Nb3 a4 38. Nc5 Kf6 39. h4 Ke7 40. f3
exf3 41. gxf3 Nd1 42. e4 dxe4 43. fxe4 Nc3 44. Kf2 N7b5 45. Bxb5 Nxb5 46. Ke3
Nxa3 47. Nxa4 Nc4+ 48. Kd3 Nd6 49. Nc3 f6 50. Nd5+ Ke6 51. Nxf6 Kxf6 52. e5+
Ke6 53. exd6 Kxd6 54. Ke4 Ke6 55. d5+ Kf6 56. Kf4 Kf7 57. Ke5 Ke7 58. d6+ Kd7
59. Kd5 g5 60. hxg5 h4 61. g6 h3 62. g7 h2 63. g8=Q h1=Q+ 64. Kc5 Qc6+ 65. Kb4
Qxd6+ 66. Kb3 Qe6+ 67. Qxe6+ Kxe6 1/2-1/2

[Event "World Blitz Final"]
[Site "Astana KAZ"]
[Date "2012.07.10"]
[Round "18"]
[White "Carlsen, M."]
[Black "Mamedyarov, S."]
[Result "0-1"]
[WhiteElo "2837"]
[BlackElo "2726"]
[PlyCount "104"]
[EventDate "2012.07.01"]

1. e4 e5 2. Nf3 d6 3. d4 exd4 4. Nxd4 Nf6 5. Nc3 Be7 6. g3 d5 7. e5 Ng4 8. Bg2
O-O 9. Nxd5 Bc5 10. c3 c6 11. Ne3 Nxe5 12. O-O Re8 13. b4 Bb6 14. a4 a5 15. Bb2
Na6 16. bxa5 Bxa5 17. Qc2 Qf6 18. Rad1 Qg6 19. Be4 Qh5 20. c4 Nc5 21. Bg2 Bh3
22. f4 Bxg2 23. Kxg2 Ng4 24. Nxg4 Qxg4 25. h3 Qg6 26. Nf5 Ne4 27. g4 h5 28.
Nxg7 hxg4 29. Nxe8 Rxe8 30. h4 Qh6 31. Qd3 Qxh4 32. Be5 Bb6 33. c5 Bxc5 34.
Rde1 f5 35. Rxe4 Qh3+ 36. Qxh3 gxh3+ 37. Kxh3 fxe4 38. Kg4 Kf7 39. Re1 e3 40.
Rc1 Bb4 41. Kf3 Bd2 42. Rb1 Re7 43. Ke2 Ke6 44. Kd3 Rd7+ 45. Ke2 Kf5 46. a5 Rh7
47. Kd3 Kg4 48. Rg1+ Kf3 49. Rf1+ Kg2 50. Rb1 Kf2 51. f5 Rd7+ 52. Bd4 c5 0-1

[Event "World Blitz Final"]
[Site "Astana KAZ"]
[Date "2012.07.10"]
[Round "19"]
[White "Carlsen, M."]
[Black "Morozevich, A."]
[Result "0-1"]
[WhiteElo "2837"]
[BlackElo "2770"]
[PlyCount "114"]
[EventDate "2012.07.01"]

1. c4 e6 2. Nf3 d5 3. g3 dxc4 4. Bg2 c6 5. O-O b5 6. a4 Bb7 7. b3 cxb3 8. Qxb3
b4 9. Bb2 Nf6 10. Ne5 a5 11. d3 Be7 12. Nd2 O-O 13. Rac1 Nd5 14. e4 Nb6 15. f4
N8d7 16. f5 Nc5 17. Rxc5 Bxc5+ 18. Kh1 exf5 19. Rxf5 Qe7 20. Ng4 Bc8 21. Nf6+
gxf6 22. Bxf6 Bxf5 23. Bxe7 Be6 24. Qd1 Bxe7 25. e5 Nd5 26. Qh5 f5 27. exf6
Bxf6 28. Ne4 Ra7 29. Nxf6+ Nxf6 30. Qc5 Rd7 31. Qxa5 b3 32. Bxc6 Rxd3 33. Qb4
Rc8 34. Qb5 Rd6 35. Bf3 Kf7 36. g4 Rc2 37. g5 Bd5 38. Bxd5+ Nxd5 39. Qxb3 Rcc6
40. Kg2 Kg6 41. h4 Rc3 42. Qb1+ Kg7 43. Qb7+ Rc7 44. Qb2+ Kf7 45. Kf3 Ne7 46.
Qb3+ Kf8 47. Kg4 Rcd7 48. Kh5 Rd4 49. Qb8+ Kf7 50. Qb3+ Kg7 51. Qe6 Ng6 52.
Qf6+ Kg8 53. Qe6+ Kf8 54. Qf6+ Kg8 55. Qe6+ Rf7 56. Qc8+ Rf8 57. Qe6+ Kh8 0-1

[Event "World Blitz Final"]
[Site "Astana KAZ"]
[Date "2012.07.10"]
[Round "19"]
[White "Jumabayev, R."]
[Black "Svidler, P."]
[Result "1-0"]
[WhiteElo "2525"]
[BlackElo "2749"]
[PlyCount "71"]
[EventDate "2012.07.01"]

1. d4 g6 2. Nf3 Bg7 3. c4 c5 4. g3 cxd4 5. Nxd4 Nc6 6. Nc2 d6 7. Bg2 Be6 8. Ne3
Qd7 9. Nd5 Rc8 10. Nd2 Bh3 11. O-O Bxg2 12. Kxg2 e6 13. Ne3 Nge7 14. Nf3 O-O
15. Rb1 f5 16. b4 f4 17. Nc2 e5 18. Qd3 Qe6 19. Ng5 Qg4 20. Ne4 Rcd8 21. b5 Na5
22. Nb4 Nxc4 23. Nd5 Nxd5 24. Qxd5+ Kh8 25. Qxc4 d5 26. Qd3 dxe4 27. Qxe4 Rd4
28. Qf3 Qd7 29. Ba3 e4 30. Qb3 f3+ 31. exf3 exf3+ 32. Kh1 Qh3 33. Rg1 Rf5 34.
Qe6 Be5 35. Qe8+ Kg7 36. Bf8+ 1-0

[Event "World Blitz Final"]
[Site "Astana KAZ"]
[Date "2012.07.10"]
[Round "19"]
[White "Andreikin, D."]
[Black "Bologan, V."]
[Result "0-1"]
[WhiteElo "2700"]
[BlackElo "2732"]
[PlyCount "102"]
[EventDate "2012.07.01"]

1. c4 c5 2. Nf3 Nc6 3. Nc3 g6 4. e3 Bg7 5. d4 d6 6. d5 Na5 7. Bd3 Nf6 8. O-O
O-O 9. h3 e5 10. Nd2 Nh5 11. Be2 Nf6 12. b3 e4 13. Bb2 Re8 14. Qc2 Qe7 15. Rae1
h5 16. Qb1 b6 17. Bd1 Bf5 18. Bc2 a6 19. f3 b5 20. fxe4 Bd7 21. e5 dxe5 22. Rf2
b4 23. Nce4 Nxe4 24. Nxe4 Nb7 25. Rd1 f5 26. d6 Qh4 27. Nd2 e4 28. Bxg7 Kxg7
29. Qb2+ Kh7 30. Rf4 Qg3 31. Nf1 Qg5 32. h4 Qh6 33. Ng3 Qg7 34. Qb1 Rad8 35.
Rdf1 Nxd6 36. Qd1 Be6 37. Qe1 Nf7 38. Ne2 Ne5 39. R4f2 Qe7 40. Rf4 Rd7 41. Ng3
Red8 42. Bxe4 fxe4 43. Nxe4 Bf5 44. Ng5+ Kh6 45. e4 Bg4 46. Qa1 Qd6 47. Kh1 Qd4
48. Qc1 Qc3 49. Qb1 Rd1 50. Rf7 Nxf7 51. Qxd1 Rxd1 0-1

[Event "World Blitz Final"]
[Site "Astana KAZ"]
[Date "2012.07.10"]
[Round "19"]
[White "Radjabov, T."]
[Black "Grischuk, A."]
[Result "1/2-1/2"]
[WhiteElo "2788"]
[BlackElo "2763"]
[PlyCount "109"]
[EventDate "2012.07.01"]

1. Nf3 c5 2. c4 Nc6 3. b3 e5 4. Nc3 g6 5. Bb2 Bg7 6. d3 Nge7 7. g3 O-O 8. Bg2
d6 9. O-O h6 10. a3 Be6 11. Nd2 d5 12. Rb1 Rc8 13. Re1 d4 14. Na4 b6 15. b4
cxb4 16. axb4 Nxb4 17. Ba3 Nbc6 18. Ne4 Rc7 19. c5 bxc5 20. Naxc5 Bd5 21. Qa4
f5 22. Nb7 Rxb7 23. Rxb7 fxe4 24. dxe4 Be6 25. Rc1 Rf7 26. Bxe7 Nxe7 27. Qxa7
Nc8 28. Qa6 Nd6 29. Rxf7 Bxf7 30. h4 Bf8 31. Rc6 Qb8 32. Bf3 Kg7 33. Kg2 h5 34.
Rc5 Ne8 35. Ra5 Nf6 36. Qc6 Qd6 37. Qb5 Nd7 38. Ra7 Be6 39. Ra6 Qe7 40. Ra7 Qd6
41. Qb7 Qe7 42. Qc6 Kf7 43. Rb7 Qd6 44. Qb5 Be7 45. Ra7 Nc5 46. Ra8 Nd7 47. Rc8
Qb6 48. Qa4 Qb7 49. Rc1 Nf6 50. Qa5 Nd7 51. Qd2 Kg7 52. Qa5 Kf7 53. Qd2 Kg7 54.
Qa5 Kf7 55. Qd2 1/2-1/2

[Event "World Blitz Final"]
[Site "Astana KAZ"]
[Date "2012.07.10"]
[Round "20"]
[White "Morozevich, A."]
[Black "Radjabov, T."]
[Result "0-1"]
[WhiteElo "2770"]
[BlackElo "2788"]
[PlyCount "56"]
[EventDate "2012.07.01"]

1. d4 Nf6 2. c4 g6 3. Nc3 Bg7 4. e4 d6 5. h3 O-O 6. Nf3 e5 7. d5 Qe8 8. g4 a5
9. Rg1 Kh8 10. Be3 Nfd7 11. h4 Na6 12. h5 Ndc5 13. hxg6 fxg6 14. Be2 Bd7 15.
Qd2 Nb4 16. Rh1 Kg8 17. Ng5 h6 18. Ne6 Bxe6 19. dxe6 Nxe6 20. c5 Nf4 21. O-O-O
Kh7 22. cxd6 cxd6 23. Kb1 Qf7 24. a3 Nc6 25. Nb5 Rad8 26. Rc1 d5 27. exd5 Rxd5
28. Qc2 Nd4 0-1